000 00287nam a22001217a 4500
999 _c155366
_d155366
082 _a
_b
100 _aBalakrishnan
245 _aNammude nadan kalakal/
_cby Balakrishnan/
260 _aKannur:
_bKerala Folklore Academy,
_c2012.
300 _a292p.
650 _aFolklore
942 _cBK